Μετάβαση στο περιεχόμενο
VuFind
Γλώσσα
English
Deutsch
Español
Français
Italiano
日本語
Nederlands
Português
Português (Brasil)
中文(简体)
中文(繁體)
Türkçe
עברית
Gaeilge
Cymraeg
Ελληνικά
Català
Euskara
Русский
Čeština
Suomi
Svenska
polski
Dansk
slovenščina
اللغة العربية
বাংলা
Galego
Tiếng Việt
Hrvatski
हिंदी
Όλα τα πεδία
Τίτλος
Συγγραφέας
Θέμα
Ταξιθετικός Αριθμός
ISBN/ISSN
Ετικέτα
Αναζήτηση
Σύνθετη
Κατάργηση φίλτρων
Προτεινόμενα θέματα:
History-Research
Κατάργηση φίλτρων
Εμφάνιση φίλτρων (1)
Προτεινόμενα θέματα:
History-Research
Αναζήτηση
Prathibimbith samaj
Εμφάνιση παραπομπής
Αποστολή με email
Εκτύπωση
Αποθήκευση
Αποθήκευση σε RefWorks
Αποθήκευση σε EndNoteWeb
Αποθήκευση σε EndNote
permanent_link
Φορτώνει......
Prathibimbith samaj
Τεκμήρια
Περιγραφή
Παρόμοια τεκμήρια
Λεπτομερής προβολή
LEADER
00158 a2200097 4500
020
260
942
|c
BK
|6
_
245
|a
Prathibimbith samaj
100
999
|c
66544
|d
66544
Παρόμοια τεκμήρια
Hindi santh sahitya mein prathibimbith samaj/
ανά: Bholanath Mishra
Έκδοση: (1989)
Sivani ke laghu upanyason mein prathibimbith samaj
Vikramankabhyudaya me prathibimbith aitihasik tathya
ανά: Indira Sharma
Έκδοση: (2006)
Manav samaj /
Έκδοση: (1973)
Samaj manovigyan /
ανά: Hamsaraj Bhatia
Έκδοση: (1969)
Φορτώνει......